[Event "Titled Tuesday intern op 27th Jun Late"]
[Site "Chess.com INT"]
[Date "2023.06.27"]
[Round "11"]
[White "Remolar Gallen, Jose"]
[Black "Baches Garcia, Guillermo"]
[Result "1/2-1/2"]
[WhiteElo "2316"]
[BlackElo "2327"]
[PlyCount "149"]
[EventDate "2023.06.27"]
[EventType "swiss (blitz)"]
[EventRounds "11"]
[EventCountry "USA"]
[SourceTitle "EXT 2024"]
[Source "ChessBase"]
[SourceDate "2023.10.10"]
[SourceVersion "1"]
[SourceVersionDate "2023.10.10"]
[SourceQuality "1"]

1. e4 d5 2. exd5 Qxd5 3. Nc3 Qa5 4. d4 Nf6 5. Bc4 Bg4 6. f3 Bd7 7. Nge2 e6 8. Bd2 Qb6 9. 0-0 Nc6 10. Be3 Nb4 11. Nf4 Bd6 12. Re1 Bxf4 13. Bxf4 0-0-0 14. a4 a5 15. Nb5 Nbd5 16. Be5 Bxb5 17. axb5 Ne7 18. c3 Nf5 19. Qa4 Nd5 20. Qxa5 Qxa5 21. Rxa5 Kd7 22. Ra7 Rb8 23. Bd3 f6 24. Bg3 Nxg3 25. hxg3 h5 26. c4 Nb6 27. b3 h4 28. gxh4 Rxh4 29. Re4 Rh5 30. Rg4 g5 31. f4 Nc8 32. Ra1 Nd6 33. Bg6 Rh6 34. Bd3 gxf4 35. Rxf4 f5 36. Re1 Rg8 37. c5 Nf7 38. d5 Ng5 39. dxe6+ Nxe6 40. Bxf5 Re8 41. Rd4+ Ke7 42. Rde4 Kf7 43. g4 Ng7 44. Rxe8 Nxe8 45. Rd1 Nf6 46. g5 Rh5 47. gxf6 Rxf5 48. Rd7+ Kxf6 49. Rxc7 b6 50. Rc6+ Ke7 51. Rc7+ Kd8 52. cxb6 Rxb5 53. Rc6 Rxb3 54. Kf2 Kd7 55. Rh6 Kc8 56. Ke2 Kb7 57. Kd2 Rb2+ 58. Kc3 Rxb6 59. Rh7+ Ka6 60. Kc4 Rc6+ 61. Kd5 Rg6 62. Rc7 Rg5+ 63. Kc4 Rg4+ 64. Kb3 Rg3+ 65. Kc2 Rg2+ 66. Kd3 Rg3+ 67. Ke4 Rg6 68. Kf5 Rb6 69. Rc3 Rb5+ 70. Ke6 Rh5 71. Ra3+ Kb5 72. Rb3+ Ka6 73. Ra3+ Kb5 74. Rb3+ Ka6 75. Ra3+ 1/2-1/2